Plant microtechnique and microscopy (Record no. 41798)

MARC details
000 -LEADER
fixed length control field 00298nam a2200109Ia 4500
082 ## - DEWEY DECIMAL CLASSIFICATION NUMBER
Classification number 57.086.15
Item number RUZ
100 ## - MAIN ENTRY--AUTHOR NAME
Personal name Ruzin, Steven E
245 #0 - TITLE STATEMENT
Title Plant microtechnique and microscopy
260 ## - PUBLICATION, DISTRIBUTION, ETC. (IMPRINT)
Place of publication New York
Name of publisher Oxford University Press
Year of publication 1999
942 ## - ADDED ENTRY ELEMENTS (KOHA)
Koha item type Books
Holdings
Withdrawn status Lost status Damaged status Not for loan Home library Current library Date acquired Cost, normal purchase price Full call number Accession Number Koha item type
        RRII Library RRII Library 16/12/2021 45.00 57.086.15 RUZ 22084 Books